/إعلام الساجد بأحكام المساجد (Record no. 14622)
[ view plain ]
| 000 -الفاتح | |
|---|---|
| حقل البيانات ثابتة الطول | 01065nam a22002177a 4500 |
| 008 - عناصر البيانات ثابتة الطول - معلومات عامة | |
| حقل البيانات ثابتة الطول | 100805s1976EGY|r||| l0| 00| 00| 0 ARA |
| 020 ## - الرقم الدولى المعيارى للكتب | |
| الرقم الدولى المعيارى للكتاب | 7065574 |
| 082 ## - رقم تصنيف ديوى العشرى | |
| رقم التصنيف | 215 |
| رقم المادة | ز ر ك |
| 100 ## - المدخل الرئيسى - إسم شخصى | |
| 9 (RLIN) | 17120 |
| الإسم الشخصى | الزركشي، محمد بن عبدالله |
| 245 ## - بيان العنوان | |
| العنوان | /إعلام الساجد بأحكام المساجد |
| بيان المسئوليه,etc | تصنيف محمد بن عبدالله الزركشي ؛ تحقيق أبوالوفا مصطفى المراغي |
| 260 ## - PUBLICATION, DISTRIBUTION, ETC. (IMPRINT) | |
| مكان الناشر او الموزع | القاهرة: |
| اسم الناشر او الموزع | المجلس الأعلى للشئون الإسلامية، |
| تاريخ النشر أو التوزيع | [1976] |
| 300 ## - الوصف المادى | |
| التعداد | 456 ص: |
| تفاصيل ماديه اخرى للوعاء | صور؛ |
| أبعاد الوعاء | 24 سم |
| 490 ## - بيان السلسلة | |
| -- | 17121 |
| 500 ## - تبصرة عامة | |
| تبصرة عامة | يشتمل علي كشافات |
| 650 ## - المدخل الاضافى بالموضوع-مصطلح موضوعى | |
| 9 (RLIN) | 17123 |
| مصطلح موضوعي أو اسم جغرافي كعنصر مدخل | المساجد |
| التقسيم الفرعي الجغرافي | مصر |
| 650 ## - المدخل الاضافى بالموضوع-مصطلح موضوعى | |
| 9 (RLIN) | 17321 |
| مصطلح موضوعي أو اسم جغرافي كعنصر مدخل | المساجد |
| التقسيم الفرعي الجغرافي | السعودية |
| 700 ## - المدخل الاضافى - اسم شخصى | |
| 9 (RLIN) | 17127 |
| الإسم الشخصى | المراغي، أبو الوفا مصطفى |
| الدور | محقق |
| 710 ## - المدخل الاضافى - اسم هيئه | |
| 9 (RLIN) | 17320 |
| اسم الهيئة أو اسم السلطة كمدخل | وزارة الشئون الإسلامية والأوقاف |
| 942 ## - عناصر المدخل الإضافي( كوها) | |
| مصدر التصنيف او مخطط الترفيف | Dewey Decimal Classification |
| Koha [default] item type | Book - Borrowing |
| حالة التراجع | حالة الفقد | مصدر التصنيف او خطة الترفيف | حالة تلف | ليس للاعارة | مجموعات كوها | المكان الدائم | المكان الحالي | موقع الترفيف | تاريخ الاكتساب | Source of acquisition | رقم الاستدعاء | الباركود | Date last seen | نوع الوعاء |
|---|---|---|---|---|---|---|---|---|---|---|---|---|---|---|
| Dewey Decimal Classification | Central Library | Central Library | Lower Floor | 05/08/2010 | 215 ز ر ك | 000021652 | 15/07/2025 | Book - Borrowing |